Physics for scientists and engineers / (رقم التسجيلة. 35586)

تفاصيل مارك
000 -الفاتح
حقل البيانات ثابتة الطول 01207cam a2200337Ma 4500
001 - رقم الضبط
رقم الضبط 10279605
003 - محدد رقم الضبط
رقم الضبط OSt
005 - وقت وتاريخ اخر تعامل مع التسجيلة
رقم الضبط 20171226101622.0
008 - عناصر البيانات ثابتة الطول - معلومات عامة
حقل البيانات ثابتة الطول 120917s2014 caua 001 0 eng d
020 ## - الرقم الدولى المعيارى للكتب
الرقم الدولى المعيارى للكتاب 978-1133947271
035 ## - رقم ضبط النظام
رقم ضبط النظام (OCoLC)811729664
رقم الضبط الملغى والمتاح (OCoLC)829766165
035 ## - رقم ضبط النظام
رقم ضبط النظام (OCoLC)ocn811729664
035 ## - رقم ضبط النظام
رقم ضبط النظام (NNC)10279605
040 ## - مصدر الفهرسة
وكالة الفهرسة الأصلية UKMGB
لغة الفهرسة eng
وكالة النسخ UKMGB
وكالة التعديل OCLCO
-- YDXCP
-- BWX
-- SINIE
-- VPI
-- NNC
050 #4 - رقم طلب مكتبة الكونجرس
رقم التصنيف QC23.2
رقم المادة .S472 2014
082 04 - رقم تصنيف ديوى العشرى
رقم التصنيف 530
رقم الطبعة 23
رقم المادة SRP
100 1# - المدخل الرئيسى - إسم شخصى
الإسم الشخصى Serway, Raymond A.
9 (RLIN) 5306
245 10 - بيان العنوان
العنوان Physics for scientists and engineers /
بيان المسئوليه,etc Raymond A. Serway, John W. Jewett, Jr. ; with contributions from Vahé Peroomian.
250 ## - بيان الطبعة
بيان الطبعة 9th ed., [international ed.]
260 ## - PUBLICATION, DISTRIBUTION, ETC. (IMPRINT)
مكان الناشر او الموزع Pacific Grove, Calif. ;
-- Boston, Mass :
اسم الناشر او الموزع Brooks/Cole, Cengage Learning,
تاريخ النشر أو التوزيع 2014.
300 ## - الوصف المادى
التعداد xxxii, 1232, 52, 25 p. :
تفاصيل ماديه اخرى للوعاء ill. (chiefly col.), ports. (some col.) ;
أبعاد الوعاء 29 cm.
500 ## - تبصرة عامة
تبصرة عامة Previous ed.: 2010.
500 ## - تبصرة عامة
تبصرة عامة Includes index.
650 #0 - المدخل الاضافى بالموضوع-مصطلح موضوعى
مصطلح موضوعي أو اسم جغرافي كعنصر مدخل Physics.
9 (RLIN) 60424
650 #0 - المدخل الاضافى بالموضوع-مصطلح موضوعى
مصطلح موضوعي أو اسم جغرافي كعنصر مدخل Physics
التقسيم الفرعي العام Study and teaching (Higher)
التقسيم الفرعي الشكلي Textbooks.
9 (RLIN) 46228
700 1# - المدخل الاضافى - اسم شخصى
الإسم الشخصى Jewett, John W.
9 (RLIN) 5307
700 1# - المدخل الاضافى - اسم شخصى
الإسم الشخصى Peroomian, Vahé.
9 (RLIN) 46229
942 ## - عناصر المدخل الإضافي( كوها)
مصدر التصنيف او مخطط الترفيف Dewey Decimal Classification
Koha [default] item type كتاب
948 1# - معلومات معالجة محلية جزء السلاسل(OCLC); DESIGNATOR (RLIN)
Series part designator, SPT (RLIN) 20130612
b (OCLC) c
c (OCLC) tp2276
d (OCLC) MPS
المقتنيات
حالة الفقد نموذج السعر الفعال حالة تلف ليس للاعارة رقم الطلب تاريخ الاكتساب الموقع الحالي الباركود الفرع الرئيسي Total Renewals Date last checked out Date last seen نوع المادة فى نظام كوها مصدر التصنيف او خطة الترفيف Total Checkouts
  2014-07-09     530 SRP 2014-07-09 المكتبة المركزية بالمجمعة (CL) 00653350 المكتبة المركزية بالمجمعة (CL) 2 2015-02-12 2015-05-24 كتاب Dewey Decimal Classification 1
  2014-07-09     530 SRP 2014-07-09 المكتبة المركزية بالمجمعة (CL) 00653351 المكتبة المركزية بالمجمعة (CL)   2017-01-22 2017-06-05 كتاب Dewey Decimal Classification 1
  2014-07-09     530 SRP 2014-07-09 المكتبة المركزية بالمجمعة (CL) 00653352 المكتبة المركزية بالمجمعة (CL)     2014-07-09 كتاب Dewey Decimal Classification  
  2014-07-09     530 SRP 2014-07-09 مكتبة كلية التربية بالزلفى - طالبات (EZF) 00653354 مكتبة مجمع الكليات بالزلفى - طلاب (SZM) 1 2017-02-06 2018-04-30 كتاب Dewey Decimal Classification 3
  2014-07-09     530 SRP 2014-07-09 مكتبة مجمع الكليات بالزلفى - طلاب (SZM) 00653353 مكتبة مجمع الكليات بالزلفى - طلاب (SZM)   2020-02-11 2020-03-02 كتاب Dewey Decimal Classification 2